书目信息 |
| 题名: |
仪表电路基础
|
|
| 作者: | 吕砚山 编 | |
| 分册: | ||
| 出版信息: | 北京 化学工业出版社 1983 |
|
| 页数: | 283页 | |
| 开本: | 19cm | |
| 丛书名: | 化学工人自学丛书 | |
| 单 册: | ||
| 中图分类: | TQ056.1 | |
| 科图分类: | ||
| 主题词: | 化工仪表-电子电路 , 电子电路-化工仪表 | |
| 电子资源: | ||
| ISBN: | ||
| 000 | 00706nam2 2200265 45 | |
| 001 | 0183000692 | |
| 005 | 20060814154135.45 | |
| 010 | @dCNY0.76 | |
| 091 | @b15063.3500 | |
| 100 | @a19950424d1983 em y0chiy0121 ea | |
| 101 | 0 | @achi |
| 102 | @aCN@b110000 | |
| 105 | @ay z 000yy | |
| 200 | 10 | @a仪表电路基础@Ayi biao dian lu ji chu@f吕砚山编 |
| 210 | @a北京@c化学工业出版社@d1983 | |
| 215 | @a283页@d19cm | |
| 225 | 2 | @a化学工人自学丛书 |
| 410 | 0 | @120010@a化学工人自学丛书 |
| 606 | @a化工仪表-电子电路 | |
| 606 | @a电子电路-化工仪表 | |
| 690 | @aTQ056.1@v3 | |
| 701 | 0 | @a吕砚山@Alv yan shan@4编 |
| 801 | 0 | @aCN@bTSSF@c20060814 |
| 801 | 2 | @aCN@bNLC@c20060805 |
| 905 | @a10447@dTQ056.1@e91 | |
| 仪表电路基础/吕砚山编.-北京:化学工业出版社,1983 |
| 283页;19cm.-(化学工人自学丛书) |
| ISBN :CNY0.76 |
| ● |
| 相关链接 |
|
|
|
|
正题名:仪表电路基础
索取号:TQ056.1/91
 
预约/预借
| 序号 | 登录号 | 条形码 | 馆藏地/架位号 | 状态 | 备注 |
| 1 | 0451653 | 204516531 | 密集书库/ [索取号:TQ056.1/91] | 在馆 | |
| 2 | 0458241 | 204582415 | 密集书库/ [索取号:TQ056.1/91] | 在馆 |